Colossal Word Typing Challenge Quiz Stats

 Plays Quiz Updated Mar 6, 2019

Score 0/100 Timer 03:00
0 Plays Today
word word % Correct
????
87.9%
????
87.4%
????
87.1%
????
86.5%
????
85.6%
????
85.2%
????
85.1%
????
85.1%
????
85.1%
????
84.7%
????
84.5%
????
84.1%
????
84.1%
????
84%
????
83.9%
????
83.7%
????
83.7%
????
83.5%
????
83.5%
????
83.1%
????
82.7%
????
82.6%
????
82.3%
????
81.8%
????
81.5%
????
80.9%
????
80.3%
????
79.6%
????
79.1%
????
78.7%
????
78.1%
????
77.7%
????
77.5%
????
77%
word word % Correct
????
75.5%
????
74.3%
????
73.1%
????
72.6%
????
70.4%
????
68.5%
????
67.8%
????
66.3%
????
64.4%
????
63.4%
????
62%
????
60.2%
????
58.8%
????
53.6%
????
53.6%
????
51.2%
????
48.1%
????
46.1%
????
44.7%
????
43%
????
41.8%
????
40.3%
????
39.5%
????
37.8%
????
35.9%
????
34.9%
????
33.4%
????
32.2%
????
30.5%
????
28.8%
????
28.7%
????
27.5%
????
26.1%
????
24.9%
word word % Correct
????
23.7%
????
22.7%
????
21.6%
????
20.8%
????
20.2%
????
19.3%
????
18.2%
????
16.8%
????
16.2%
????
15.2%
????
14.7%
????
13.7%
????
13.6%
????
13.3%
????
12.6%
????
12%
????
11.6%
????
11%
????
10.4%
????
9.3%
????
9.1%
????
8.7%
????
8.2%
????
7.6%
????
7.1%
????
6.5%
????
6.2%
????
6.1%
????
5.9%
????
5.8%
????
5.8%
????
5.7%

You're not logged in!

Compare scores with friends on all Sporcle quizzes.
OR
Log In

Sporcle TV

Today on Sporcle TV


Watch our educational content, quiz creation guides, and fun videos on Sporcle TV.

Show Comments

Extras

Top Quizzes Today


Score Distribution

Your Account Isn't Verified!

In order to create a playlist on Sporcle, you need to verify the email address you used during registration. Go to your Sporcle Settings to finish the process.

Report this User

Report this user for behavior that violates our Community Guidelines.

Details: